[Event "Maharashtra op 3rd"]
[Site "Hadapsar"]
[Date "2025.04.25"]
[Round "7"]
[White "Sanikidze, Tornike"]
[Black "Aakash Sharadchandra, Dalvi"]
[Result "1-0"]
[WhiteElo "2448"]
[BlackElo "2366"]
[PlyCount "51"]
[EventDate "2025.04.20"]
[EventType "swiss"]
[EventRounds "10"]
[EventCountry "IND"]
[SourceTitle "CB18_2025"]
[SourceDate "2025.04.30"]
[SourceVersion "1"]
[SourceVersionDate "2025.04.30"]
[SourceQuality "1"]

1. Nf3 d5 2. g3 c6 3. c4 dxc4 4. Bg2 Bf5 5. Na3 Qd5 6. 0-0 e6 7. b3 cxb3 8. d3 Qd8 9. Qxb3 Qb6 10. Qc2 Nd7 11. Nc4 Qa6 12. Rb1 Nb6 13. Nfe5 Rc8 14. Nxb6 axb6 15. Be3 b5 16. a4 Ne7 17. axb5 cxb5 18. Qb2 b4 19. Qxb4 Nd5 20. Qb3 Be7 21. Ra1 Qd6 22. Qb5+ Kf8 23. Qxb7 Re8 24. Nd7+ Kg8 25. Ra8 Rd8 26. Bc5 1-0

[Event "Maharashtra op 3rd"]
[Site "Hadapsar"]
[Date "2025.04.22"]
[Round "4"]
[White "Aakash Sharadchandra, Dalvi"]
[Black "Nitish, Belurkar"]
[Result "0-1"]
[WhiteElo "2366"]
[BlackElo "2441"]
[PlyCount "80"]
[EventDate "2025.04.20"]
[EventType "swiss"]
[EventRounds "10"]
[EventCountry "IND"]
[SourceTitle "CB18_2025"]
[SourceDate "2025.04.30"]
[SourceVersion "1"]
[SourceVersionDate "2025.04.30"]
[SourceQuality "1"]

1. d4 Nf6 2. c4 e6 3. Nc3 d5 4. Bg5 Nbd7 5. e3 h6 6. Bh4 Be7 7. Nf3 0-0 8. Rc1 dxc4 9. Bxc4 a6 10. a4 b6 11. 0-0 Bb7 12. Qe2 c5 13. Rfd1 cxd4 14. Nxd4 Qe8 15. Bg3 Nc5 16. f3 Nh5 17. Be1 Nxa4 18. Nxa4 Qxa4 19. Bb3 Qe8 20. Rc7 Rb8 21. Nxe6 fxe6 22. Rdd7 Bxf3 23. Bxe6+ Kh8 24. gxf3 Bd8 25. Bf7 Rxf7 26. Rxf7 Bxc7 27. Rxc7 Nf4 28. Qc2 Qxe3+ 29. Bf2 Nh3+ 30. Kg2 Nf4+ 31. Kg1 Nh3+ 32. Kg2 Nxf2 33. Qxf2 Qg5+ 34. Qg3 Qf6 35. b3 Rd8 36. Rb7 Rd2+ 37. Kh3 Rd3 38. Kg2 Rd2+ 39. Kh3 Rd3 40. Kg2 Rxb3 0-1

[Event "Goa op"]
[Site "Taleigao"]
[Date "2025.01.14"]
[Round "5"]
[White "Srihari, LR."]
[Black "Aakash Sharadchandra, Dalvi"]
[Result "1/2-1/2"]
[WhiteElo "2494"]
[BlackElo "2278"]
[PlyCount "90"]
[EventDate "2025.01.11"]
[EventType "swiss"]
[EventRounds "10"]
[EventCountry "IND"]
[SourceTitle "CB04_2025"]
[SourceDate "2025.01.22"]
[SourceVersion "1"]
[SourceVersionDate "2025.01.22"]
[SourceQuality "1"]

1. c4 e5 2. Nc3 Nc6 3. Nf3 f5 4. g3 Nf6 5. d4 e4 6. Nh4 g6 7. Bg5 Bg7 8. e3 0-0 9. Ng2 h6 10. Bxf6 Qxf6 11. Nd5 Qd8 12. Ngf4 Kh7 13. h4 Ne7 14. Nxe7 Qxe7 15. a3 Qf6 16. Nd5 Qd8 17. g4 d6 18. g5 c5 19. Qd2 Be6 20. Nf4 Bf7 21. Be2 hxg5 22. hxg5+ Kg8 23. Rg1 Qb6 24. Rd1 Rfe8 25. b4 Rac8 26. d5 Qa6 27. Qc1 Qa4 28. b5 Qb3 29. Kf1 Bb2 30. Qb1 Qxa3 31. Rd2 Be5 32. Ra2 Qc3 33. Kg2 Bxf4 34. exf4 e3 35. f3 a5 36. bxa6 bxa6 37. Qa1 Qxa1 38. Rgxa1 Rb8 39. Rxa6 Rb2 40. R6a2 Reb8 41. Rxb2 Rxb2 42. Kf1 Rb3 43. Ke1 Kf8 44. Kd1 Rc3 45. Rc1 Rxc1+ 1/2-1/2

[Event "Abu Dhabi op-A 30th"]
[Site "Abu Dhabi"]
[Date "2024.08.19"]
[Round "4"]
[White "Agibileg, Uurtsaikh"]
[Black "Aakash Sharadchandra, Dalvi"]
[Result "1-0"]
[WhiteElo "2411"]
[BlackElo "2332"]
[PlyCount "69"]
[EventDate "2024.08.15"]
[EventType "swiss"]
[EventRounds "9"]
[EventCountry "UAE"]
[SourceTitle "EXT 2025"]
[Source "ChessBase"]
[SourceDate "2024.10.14"]
[SourceVersion "1"]
[SourceVersionDate "2024.10.14"]
[SourceQuality "1"]

1. d4 Nf6 2. c4 e6 3. Nc3 Bb4 4. Qc2 0-0 5. e4 d5 6. e5 Ne4 7. Bd3 c5 8. Nf3 cxd4 9. Nxd4 Nd7 10. Bf4 Qh4 11. g3 Qh5 12. 0-0 g5 13. cxd5 gxf4 14. dxe6 Nxe5 15. Nxe4 fxe6 16. f3 Ba5 17. g4 Qh4 18. Nb5 Bd7 19. Be2 Bc6 20. Kh1 Bb6 21. Rad1 Rad8 22. b4 Rxd1 23. Rxd1 Bxb5 24. Bxb5 Nxf3 25. Bc4 Nd4 26. Qb2 f3 27. Nc5 Bxc5 28. bxc5 Rd8 29. Qxb7 Qf2 30. Bf1 Qc2 31. Rb1 Qxc5 32. Bd3 Qe5 33. Qe7 Nc6 34. Bxh7+ Kh8 35. Qh4 1-0

[Event "Aix en Provence Dole op 2nd"]
[Site "Aix en Provence"]
[Date "2024.07.20"]
[Round "1"]
[White "Aakash Sharadchandra, Dalvi"]
[Black "Puranik, Abhimanyu Sameer"]
[Result "0-1"]
[WhiteElo "2305"]
[BlackElo "2634"]
[PlyCount "66"]
[EventDate "2024.07.20"]
[EventType "swiss"]
[EventRounds "9"]
[EventCountry "FRA"]
[SourceTitle "CBM 221 Extra"]
[Source "ChessBase"]
[SourceDate "2024.09.30"]
[SourceVersion "1"]
[SourceVersionDate "2024.09.30"]
[SourceQuality "1"]

1. d4 Nf6 2. c4 e6 3. Nf3 b6 4. g3 Ba6 5. b3 Bb4+ 6. Bd2 Be7 7. Nc3 d5 8. cxd5 exd5 9. Bg2 0-0 10. 0-0 Nbd7 11. a3 Re8 12. b4 c5 13. bxc5 bxc5 14. Bf4 h6 15. Re1 Nb6 16. Ne5 Rc8 17. Bh3 cxd4 18. Bxc8 Qxc8 19. Na4 g5 20. Nxb6 axb6 21. Bd2 Ne4 22. Nf3 Bf6 23. Bb4 Qf5 24. Qa4 Ra8 25. Qc6 Rc8 26. Qxb6 Bc4 27. Rf1 Bxe2 28. Nxd4 Bxd4 29. Qxd4 Bf3 30. Qd3 Nxg3 31. Rfd1 Ne2+ 32. Kf1 Qg4 33. Ke1 Nf4 0-1

[Event "Paris-ch IdF"]
[Site "Villemomble"]
[Date "2024.07.12"]
[Round "7"]
[White "Aakash Sharadchandra, Dalvi"]
[Black "Aarav, Dengla"]
[Result "1/2-1/2"]
[WhiteElo "2305"]
[BlackElo "2381"]
[PlyCount "63"]
[EventDate "2024.07.07"]
[EventType "swiss"]
[EventRounds "9"]
[EventCountry "FRA"]
[SourceTitle "EXT 2025"]
[Source "ChessBase"]
[SourceDate "2024.10.14"]
[SourceVersion "1"]
[SourceVersionDate "2024.10.14"]
[SourceQuality "1"]

1. d4 d5 2. c4 c6 3. Nf3 Nf6 4. Nc3 e6 5. Bg5 Nbd7 6. cxd5 exd5 7. e3 h6 8. Bh4 Be7 9. Bd3 0-0 10. Qc2 Re8 11. 0-0 Ne4 12. Bxe7 Qxe7 13. Rab1 a5 14. a3 Ndf6 15. b4 Bf5 16. Rb3 Nxc3 17. Bxf5 Nb5 18. Bd3 a4 19. Rb2 Nxa3 20. Qc3 Nb5 21. Bxb5 cxb5 22. Qd3 Ne4 23. Qxb5 a3 24. Rc2 a2 25. Ra1 Ra3 26. Qxd5 Qxb4 27. Rcxa2 Nc3 28. Qd7 Rxa2 29. Qxe8+ Kh7 30. Rf1 Qc4 31. g3 b5 32. Ne5 1/2-1/2

[Event "Krakow op"]
[Site "Krakow"]
[Date "2024.06.27"]
[Round "7"]
[White "Aakash Sharadchandra, Dalvi"]
[Black "Zwardon, Vojtech"]
[Result "1/2-1/2"]
[WhiteElo "2291"]
[BlackElo "2458"]
[PlyCount "89"]
[EventDate "2024.06.22"]
[EventType "swiss"]
[EventRounds "9"]
[EventCountry "POL"]
[SourceTitle "CBM 220 Extra"]
[Source "ChessBase"]
[SourceDate "2024.07.31"]
[SourceVersion "1"]
[SourceVersionDate "2024.07.31"]
[SourceQuality "1"]

1. d4 Nf6 2. c4 e6 3. Nf3 d5 4. Nc3 Bb4 5. Bg5 h6 6. Bxf6 Qxf6 7. Qa4+ Nc6 8. e3 0-0 9. Rc1 Rd8 10. Be2 a6 11. a3 Bf8 12. 0-0 g5 13. b4 Bd7 14. Qb3 dxc4 15. Bxc4 g4 16. Nd2 Qg7 17. Rfd1 a5 18. b5 a4 19. Nxa4 Na5 20. Qb2 Nxc4 21. Rxc4 Ra5 22. Nc5 Rxb5 23. Rb4 Rxb4 24. axb4 Bc6 25. Nd3 Bb5 26. Ne5 f6 27. Nec4 e5 28. Rc1 exd4 29. exd4 Qd7 30. d5 Qxd5 31. Qxf6 Bc6 32. Qg6+ Kh8 33. Qxg4 h5 34. Qh3 Bh6 35. Re1 Rg8 36. f3 b5 37. Qe6 Qd4+ 38. Kh1 Bxd2 39. Nxd2 Qxd2 40. Qf6+ Rg7 41. Qf8+ Kh7 42. Qf5+ Kg8 43. Qc8+ Kh7 44. Qf5+ Kh8 45. Qf8+ 1/2-1/2

[Event "Helsinki ShakkiNet op 8th"]
[Site "Helsinki"]
[Date "2024.06.12"]
[Round "3"]
[White "Mirzoev, Azer"]
[Black "Aakash Sharadchandra, Dalvi"]
[Result "1/2-1/2"]
[WhiteElo "2448"]
[BlackElo "2291"]
[PlyCount "206"]
[EventDate "2024.06.10"]
[EventType "swiss"]
[EventRounds "9"]
[EventCountry "FIN"]
[SourceTitle "CBM 220 Extra"]
[Source "ChessBase"]
[SourceDate "2024.07.31"]
[SourceVersion "1"]
[SourceVersionDate "2024.07.31"]
[SourceQuality "1"]

1. d4 Nf6 2. c4 e6 3. Nc3 Bb4 4. Qc2 0-0 5. Nf3 d5 6. a3 Bxc3+ 7. Qxc3 dxc4 8. Qxc4 b6 9. Bg5 Bb7 10. e3 Nbd7 11. Ne5 c5 12. Rd1 Bd5 13. Qa4 cxd4 14. Qxd4 Nc5 15. Bc4 Nce4 16. Bh4 g5 17. Bxd5 Qxd5 18. Qxd5 Nxd5 19. Rd4 f5 20. Bg3 Rac8 21. 0-0 Rc2 22. Nc4 b5 23. Nd6 Nxg3 24. hxg3 Rxb2 25. Rc1 a5 26. e4 fxe4 27. Nxe4 b4 28. axb4 Rxb4 29. Rxb4 axb4 30. Rb1 h6 31. Nc5 Kf7 32. Ra1 Rc8 33. Ra5 Rb8 34. Ra7+ Kg6 35. Nb3 Kf5 36. Kf1 Rc8 37. Rb7 Ke4 38. Ke2 Rc2+ 39. Nd2+ Kd4 40. Kd1 Kd3 41. Ne4 Ra2 42. Nc5+ Kc4 43. Ne4 Kd4 44. Nd2 Kd3 45. Nb3 Nc3+ 46. Ke1 Re2+ 47. Kf1 Rb2 48. Rd7+ Kc4 49. Nd2+ Kc5 50. Ke1 Nd5 51. Ke2 Kd4 52. Rd8 Rc2 53. g4 b3 54. Kd1 Kc3 55. Nxb3 Rxf2 56. Nc5 Rxg2 57. Nxe6 Ne3+ 58. Ke1 Nc2+ 59. Kf1 Ne3+ 60. Ke1 Nxg4 61. Nc5 Kc4 62. Ne4 Ne5 63. Nd2+ Kc3 64. Ne4+ Kc2 65. Rd6 Rh2 66. Kf1 g4 67. Re6 Nf3 68. Rc6+ Kb2 69. Rg6 h5 70. Nf6 Rh4 71. Kf2 Kc2 72. Nxh5 Rxh5 73. Rxg4 Ne5 74. Rd4 Kc3 75. Rd8 Rh3 76. Kg2 Re3 77. Kf2 Nc4 78. Kg2 Kb4 79. Kf2 Ra3 80. Ke2 Nb6 81. Kf2 Kc4 82. Rh8 Nd5 83. Rh4+ Kc5 84. Rh5 Kd4 85. Rh8 Nf6 86. Rd8+ Ke4 87. Rf8 Ng4+ 88. Kg2 Ne3+ 89. Kg3 Nf5+ 90. Kf2 Ra2+ 91. Ke1 Nd4 92. Kf1 Nf5 93. Ke1 Ng3 94. Kd1 Ke3 95. Re8+ Ne4 96. Kc1 Rh2 97. Kb1 Kd3 98. Rd8+ Kc4 99. Rc8+ Nc5 100. Kc1 Kd4 101. Kb1 Na6 102. Rc2 Rxc2 103. Kxc2 Ke4 1/2-1/2

[Event "Pune Blitz op 13th"]
[Site "Pune"]
[Date "2024.05.22"]
[Round "2"]
[White "Shitiz, Prasad"]
[Black "Aakash Sharadchandra, Dalvi"]
[Result "0-1"]
[WhiteElo "1631"]
[BlackElo "2275"]
[PlyCount "58"]
[EventDate "2024.05.22"]
[EventType "swiss (blitz)"]
[EventRounds "9"]
[EventCountry "IND"]
[SourceTitle "CBM 220 Extra"]
[Source "ChessBase"]
[SourceDate "2024.07.31"]
[SourceVersion "1"]
[SourceVersionDate "2024.07.31"]
[SourceQuality "1"]

1. e4 c5 2. Nf3 e6 3. d4 cxd4 4. Nxd4 a6 5. Nc3 Qc7 6. Be3 Nf6 7. f3 Bb4 8. Qd2 d5 9. Bd3 e5 10. exd5 exd4 11. Bxd4 Nxd5 12. 0-0 Bxc3 13. bxc3 0-0 14. Qg5 f5 15. Bc4 Be6 16. Rfe1 Nc6 17. Rxe6 Nxd4 18. Re7 Nxf3+ 19. gxf3 Qc5+ 20. Kh1 g6 21. Bxd5+ Qxd5 22. Qg2 Rfe8 23. Rae1 Rxe7 24. Rxe7 Qd1+ 25. Qg1 Qxf3+ 26. Qg2 Qd1+ 27. Qg1 Qxc2 28. Rxb7 Rd8 29. Rb1 Qe4+ 0-1